000 00198 a2200097 4500
001 1189
100 _aWatson, H.M
245 _aUnderstanding radio
260 _a
_bMcgrawhill
_c
090 _c751
_d751
942 _aNUST-CAE
_cM
_c34167
999 _c236262
_d236262